[Event "Stay Safe Play From Home 340"]
[Site "Emanuel Lasker Arena"]
[Date "2020.07.29"]
[Round "8"]
[White "Mepe_Nika"]
[Black "Mamba2001de"]
[Result "1-0"]
[WhiteElo "2411"]
[BlackElo "1495"]
[Annotator "NA"]
[PlyCount "81"]
[EventDate "2020.07.29"]
[EventType "swiss (blitz)"]

1. d4 {[%emt 0:00:01]} e6 {[%emt 0:00:01]} 2. Bf4 {[%emt 0:00:01]} Nf6 {[%emt 0:00:01]} 3. e3 {[%emt 0:00:01]} d5 {[%emt 0:00:01]} 4. c4 {[%emt 0:00:01]} Bd6 {[%emt 0:00:01]} 5. Bxd6 {[%emt 0:00:01]} Qxd6 {[%emt 0:00:01]} 6. Nc3 {[%emt 0:00:00]} dxc4 {[%emt 0:00:02]} 7. Bxc4 {[%emt 0:00:01]} Nbd7 {[%emt 0:00:00]} 8. Nf3 {[%emt 0:00:00]} Nb6 {[%emt 0:00:01]} 9. Bb3 {[%emt 0:00:02]} Bd7 {[%emt 0:00:02]} 10. O-O {[%emt 0:00:00]} O-O-O {[%emt 0:00:02]} 11. e4 {[%emt 0:00:00]} h5 {[%emt 0:00:02]} 12. e5 {[%emt 0:00:01]} Qb4 {[%emt 0:00:02]} 13. exf6 {[%emt 0:00:01]} gxf6 {[%emt 0:00:01]} 14. a3 {[%emt 0:00:01]} Qd6 {[%emt 0:00:03]} 15. Ne4 {[%emt 0:00:00]} Qe7 {[%emt 0:00:03]} 16. Rc1 {[%emt 0:00:01]} Kb8 {[%emt 0:00:02]} 17. Re1 {[%emt 0:00:01]} f5 {[%emt 0:00:01]} 18. Nc5 {[%emt 0:00:01]} Rhg8 {[%emt 0:00:03]} 19. Nxd7+ {[%emt 0:00:01]} Rxd7 {[%emt 0:00:01]} 20. Ne5 {[%emt 0:00:01]} Rd6 {[%emt 0:00:05]} 21. a4 {[%emt 0:00:01]} Nd5 {[%emt 0:00:03]} 22. Bxd5 {[%emt 0:00:01]} Rxd5 {[%emt 0:00:01]} 23. Rc5 {[%emt 0:00:02]} c6 {[%emt 0:00:02]} 24. Rxd5 {[%emt 0:00:01]} exd5 {[%emt 0:00:01]} 25. Qxh5 {[%emt 0:00:02]} Qg5 {[%emt 0:00:03]} 26. Qxg5 {[%emt 0:00:01]} Rxg5 {[%emt 0:00:01]} 27. Nxf7 {[%emt 0:00:00]} Rg7 {[%emt 0:00:01]} 28. Ne5 {[%emt 0:00:02]} Re7 {[%emt 0:00:01]} 29. Nxc6+ {[%emt 0:00:01]} bxc6 {[%emt 0:00:03]} 30. Rxe7 {[%emt 0:00:01]} a5 {[%emt 0:00:01]} 31. h4 {[%emt 0:00:01]} Kc8 {[%emt 0:00:01]} 32. h5 {[%emt 0:00:00]} Kd8 {[%emt 0:00:00]} 33. Rg7 {[%emt 0:00:01]} Ke8 {[%emt 0:00:00]} 34. h6 {[%emt 0:00:00]} Kf8 {[%emt 0:00:00]} 35. Ra7 {[%emt 0:00:00]} Kg8 {[%emt 0:00:01]} 36. f4 {[%emt 0:00:02]} Kh8 {[%emt 0:00:01]} 37. Rg7 {[%emt 0:00:01]} c5 {[%emt 0:00:01]} 38. dxc5 {[%emt 0:00:00]} d4 {[%emt 0:00:01]} 39. c6 {[%emt 0:00:00]} d3 {[%emt 0:00:00]} 40. c7 {[%emt 0:00:00]} d2 {[%emt 0:00:01]} 41. c8=Q# {[%emt 0:00:00] (Lag: Av=0.40s, max=0.9s)} 1-0

[Event "Stay Safe Play From Home 340"]
[Site "Emanuel Lasker Arena"]
[Date "2020.07.29"]
[Round "8"]
[White "Lamborghini"]
[Black "Little champs"]
[Result "1-0"]
[WhiteElo "2269"]
[BlackElo "2242"]
[Annotator "TA"]
[PlyCount "31"]
[EventDate "2020.07.29"]
[EventType "swiss (blitz)"]

{[%evp 10,30,55,50,71,58,91,85,97,94,102,80,744,737,729,728,706,643,691,643,618,631,29999]} 1. e4 e6 2. d4 d5 3. Nc3 dxe4 4. Nxe4 Nf6 5. Nxf6+ gxf6 6. Nf3 Bg7 {6...Nc6 is a critical line. C10: French with 3 Nc3: Unusual Black 3rd moves and 3...dxe4.} 7. Be3 O-O 8. Qd2 {[#]} b6 $146 {White is better.} ({Predecessor:} 8... e5 9. O-O-O Bf5 10. Nh4 Bg6 11. Nxg6 hxg6 12. d5 Qd6 13. g4 Nd7 14. h4 Rfd8 {1-0 (43) Satyapragyan,S (2480)-Punya Man,K (2015) Kolkata 2009}) 9. O-O-O Bb7 10. Bh6 Bxf3 $4 {[%mdl 8192] [#]} (10... Nc6 $16) 11. gxf3 $18 Kh8 12. Bxg7+ Kxg7 13. Rg1+ Kh8 14. Bd3 {White threatens Qh6! and mate.} f5 {[#]} 15. Qh6 $1 {[%csl Gg1][%cal Rh6g7][%mdl 512]} Qxd4 16. Qxf8# {Black did not feel at home in the position after the opening. Accuracy: White = 100%, Black = 40%.} 1-0

[Event "Stay Safe Play From Home 340"]
[Site "Emanuel Lasker Arena"]
[Date "2020.07.29"]
[Round "8"]
[White "Lazieri3"]
[Black "SoulofWolf"]
[Result "1-0"]
[WhiteElo "2117"]
[BlackElo "2090"]
[Annotator "TA"]
[PlyCount "41"]
[EventDate "2020.07.29"]
[EventType "swiss (blitz)"]

{[%evp 9,41,-33,734,734,736,485,471,461,532,412,406,388,412,406,418,408,414,381,371,364,365,322,457,426,881,478,665,671,776,787,957,650,633,564]} 1. e4 c5 2. Nc3 e6 3. d3 Nc6 4. Nf3 d5 5. Bg5 {[#]} d4 $146 {[%mdl 8192] [#]} (5... Nge7 $15) ({Predecessor:} 5... Be7 6. exd5 exd5 7. Bf4 Nf6 8. Be2 O-O 9. O-O a6 10. Re1 b5 11. a3 d4 12. Ne4 Nd5 {0-1 (35) Havumaki,J (1869)-Graeffe,P (2045) Finland 2019}) 6. Bxd8 $18 {B40: Sicilian: 2...e6, Unusual lines.} dxc3 7. bxc3 Nxd8 8. d4 Bd7 9. dxc5 Bxc5 10. Bd3 Nc6 11. O-O Nge7 12. Rb1 Bb6 13. a4 O-O 14. Nd4 Ne5 15. Nb5 a6 (15... Rfd8 $142 16. a5 Bxa5) 16. Nd4 {White is clearly winning.} Rac8 (16... Bc5 $142 17. Rxb7 N7g6) 17. Qd2 Ba7 18. Rxb7 Bb8 19. f4 Bc6 20. Nxc6 N5xc6 21. f5 {Accuracy: White = 53%, Black = 39%.} 1-0

[Event "Stay Safe Play From Home 340"]
[Site "Emanuel Lasker Arena"]
[Date "2020.07.29"]
[Round "8"]
[White "Cirovicz"]
[Black "Trotsky"]
[Result "1-0"]
[WhiteElo "1928"]
[BlackElo "1539"]
[Annotator "TA"]
[PlyCount "57"]
[EventDate "2020.07.29"]
[EventType "swiss (blitz)"]

{[%evp 9,56,0,2,-25,-11,-58,224,225,388,375,384,380,380,290,275,300,324,319,402,321,473,210,238,183,1041,726,1458,827,1525,1533,1521,793,1697,1546,1665,1589,1608,1515,1462,1485,29984,1876,29991,29983,29999,29998,29998,29999,29999]} 1. e4 c5 2. Nf3 e6 3. Bc4 d5 4. exd5 exd5 5. Bb5+ Nc6 6. Qe2+ {B40: Sicilian: 2...e6, Unusual lines.} Be6 7. Ne5 {[#]} Bd6 $146 {[%mdl 8192] This costs Black the game.} (7... Qc7 $15 {stays ahead.}) ({Predecessor:} 7... Nge7 8. O-O a6 9. Bxc6+ Nxc6 10. d3 Nd4 11. Qd2 f6 12. c3 fxe5 13. cxd4 cxd4 14. Qe2 Bd6 15. Nd2 O-O 16. Nf3 Bg4 17. Bg5 Qxg5 18. Rac1 Bxf3 {0-1 (18) Hernandez Sanchez,A (845)-Molano,I (1232) LSS email 2009}) 8. Nxc6 $18 {White is clearly better.} Qc7 $2 (8... bxc6 {is a better defense.} 9. Bxc6+ {[%mdl 64] Double Attack} Kf8) 9. Nd4+ $1 {[%mdl 64] [#] Discovered Attack} Kf8 10. Nxe6+ fxe6 11. O-O a6 12. Bd3 (12. Qxe6 axb5 13. Qxd5 Nf6 $16) 12... Nf6 13. c4 ({Weaker is} 13. Qxe6 c4 $16) 13... d4 14. Qxe6 Re8 (14... Bxh2+ $142 15. Kh1 Re8) 15. Qf5 (15. Qh3 $142) 15... Bxh2+ 16. Kh1 {[#] And now f4 would win.} Re6 $2 (16... Re5 17. Qf3 Rh5) 17. f4 Kg8 18. Kxh2 h5 19. Qxe6+ Kf8 20. Qe5 Qf7 21. Qb8+ Ne8 22. f5 Qf6 23. Be4 Qh4+ 24. Kg1 Kf7 25. Qxb7+ (25. Bd5+ $142 Kf8 26. f6 gxf6 27. Qxb7 Nd6 28. Qd7 d3 29. Qxd6+ {[%mdl 64] Double Attack} Ke8 30. Rxf6 Qe1+ 31. Rf1) 25... Kf6 26. Qxa6+ {White mates.} Kg5 27. d3+ Kg4 28. Qg6+ Qg5 29. Qxg5# {Accuracy: White = 35%, Black = 22%.} 1-0

[Event "Stay Safe Play From Home 340"]
[Site "Emanuel Lasker Arena"]
[Date "2020.07.29"]
[Round "8"]
[White "Padmaesh M K"]
[Black "Stefanone"]
[Result "1-0"]
[WhiteElo "1746"]
[BlackElo "2072"]
[Annotator "TA"]
[PlyCount "65"]
[EventDate "2020.07.29"]
[EventType "swiss (blitz)"]

{[%evp 9,64,51,46,38,46,43,32,41,103,106,113,103,88,86,165,119,128,118,148,145,287,272,435,300,374,338,632,623,1178,1160,1135,1134,1132,1109,1309,1202,1165,660,636,437,425,422,647,543,826,488,1632,1495,29995,29996,29996,29997,29997,29998,29998,29999,29999]} 1. d4 d6 2. c4 g6 3. Nc3 Bg7 4. Nf3 Nd7 5. e4 e5 6. dxe5 {A42: Modern Defence: Averbakh Variation.} dxe5 7. Be2 c6 8. O-O {White is slightly better.} Ne7 (8... Qe7 $14) 9. Be3 $16 O-O 10. Qc2 {[#]} f5 $146 ({Predecessor:} 10... h6 11. Rad1 Qe8 12. Nd2 f5 13. f3 f4 14. Bf2 g5 15. c5 h5 16. Nc4 Qg6 {1-0 (38) Gaspar,A (2245)-Dias,P (2000) Lisbon 1996}) 11. Rad1 f4 (11... Qe8 $16) 12. Bc1 Qc7 13. b3 Nf6 14. Ba3 {aiming for Bd6.} h6 (14... Ne8 $16 {is a better defense.} 15. Rd2 Bf6) 15. Bd6 $18 {[%mdl 64] [#] Double Attack} Qd7 (15... Qd8 {keeps fighting.} 16. Bxe5 Qe8) 16. Bxe5 Qe6 17. Bd6 g5 $2 (17... Nh7 18. c5 Qf7) 18. c5 Ned5 19. exd5 Nxd5 20. Nxd5 cxd5 {[#]} 21. Rxd5 $3 {[%mdl 512]} Qf7 (21... Qxd5 22. Bc4) 22. Bc4 Be6 23. Rd4 Bxd4 24. Nxd4 Bxc4 25. bxc4 ({Not} 25. Qxc4 Qxc4 26. bxc4 Rfe8 $18) 25... g4 (25... Rfe8 $142 26. Nb5 Rac8 27. Nxa7 Rcd8) 26. g3 f3 27. Re1 Qh5 (27... Rfe8 $142 28. Rb1 b6) 28. Bxf8 Qh3 29. Qg6+ {[%mdl 64] Double Attack. White mates.} Kxf8 30. Ne6+ Ke7 31. Ng5+ Kd7 32. Qd6+ Kc8 33. Re8# {Accuracy: White = 55%, Black = 14%.} 1-0

[Event "Stay Safe Play From Home 340"]
[Site "Emanuel Lasker Arena"]
[Date "2020.07.29"]
[Round "8"]
[White "Edmatuag"]
[Black "AChessPlayer"]
[Result "0-1"]
[WhiteElo "1713"]
[BlackElo "2347"]
[Annotator "TA"]
[PlyCount "74"]
[EventDate "2020.07.29"]
[EventType "swiss (blitz)"]

{[%evp 9,74,-8,6,-8,0,-18,0,-12,-13,-17,0,-24,-29,-115,-27,-153,-53,-48,-3,-14,357,0,0,0,353,0,20,21,20,11,12,13,10,-232,-222,-237,-188,-214,-170,-272,-241,-291,-283,-396,-306,-593,-597,-586,-576,-577,-560,-1261,-1262,-1245,-1231,-1368,-1309,-1300,-1287,-1278,-1274,-1252,-1245,-1388,-1372,-1500,-1542]} 1. d3 d6 2. c3 Nd7 ({Predecessor:} 2... e5 3. e4 c6 4. g3 g6 5. Be3 Nf6 6. f3 Be6 7. Qd2 Nbd7 8. d4 Qc7 9. Bg2 {½-½ (24) Skvortsov,A (2150)-Marchukov,D (2098) Borisoglebsk 2015}) 3. Nd2 Ngf6 4. Qc2 e5 5. g3 Be7 6. Bg2 {A00: Irregular Openings.} O-O 7. e4 Re8 8. Ne2 {The position is equal.} c6 9. O-O Bf8 10. f4 d5 11. f5 (11. fxe5 $11 {keeps the balance.} Nxe5 12. exd5) 11... dxe4 (11... Qb6+ $17 12. d4 exd4 13. Nxd4 Bc5 14. exd5 Bxd4+ 15. cxd4 Qxd4+ {[%mdl 64] Double Attack} 16. Kh1 Nxd5) 12. dxe4 (12. Nxe4 $11 {remains equal.} Be7 13. Rb1) 12... Qb6+ ({Better is} 12... Ng4 $1 $17 13. Nc4 Bc5+ 14. Kh1 b5) 13. Kh1 $15 Ng4 {White must now prevent ...Ne3.} 14. Nc4 Nf2+ $2 {[%mdl 8192]} (14... Qd8 $11 {and Black stays safe.}) 15. Kg1 Nh3+ {[%mdl 64] Discovered Attack (Double check)} 16. Kh1 Nf2+ {[#]} 17. Kg1 $2 ({Only move:} 17. Rxf2 $1 $18 {[%mdl 512]} Qc7 (17... Qxf2 18. Be3) 18. Rf1) 17... Qc5 {Hoping for ...Ng4+.} (17... Nh3+ {keeps more tension.}) 18. Be3 Qxc4 19. Rxf2 Nf6 {[%cal Bd7f6,Bf6g4,Bg4f2][%mdl 32] Strongly threatening ...Ng4.} 20. b3 Qa6 {And now ...Ng4 would win.} 21. c4 $2 (21. Bf3 $11 {and White has nothing to worry.}) 21... Ng4 $1 $19 {[%csl LRe3,LRf2][%mdl 64] Double Attack} 22. Qc3 Nxf2 23. Bxf2 b6 24. Qf3 (24. a3 $142) 24... Qa5 25. f6 g6 26. Be3 h5 27. g4 $2 (27. h3 {was worth a try.}) 27... Bxg4 {Black is clearly winning.} 28. Qf2 Rad8 29. Ng3 Qc3 30. h3 Qxa1+ 31. Kh2 Be6 32. Nxh5 Rd3 33. Ng7 Bxg7 34. fxg7 {[#]} Rxe3 $1 35. Qxe3 Kxg7 36. Qg5 Qd4 37. Qh4 f6 {Accuracy: White = 37%, Black = 56%.} 0-1

[Event "Stay Safe Play From Home 340"]
[Site "Emanuel Lasker Arena"]
[Date "2020.07.29"]
[Round "9"]
[White "Lamborghini"]
[Black "Edmatuag"]
[Result "1-0"]
[WhiteElo "2285"]
[BlackElo "1713"]
[Annotator "TA"]
[PlyCount "27"]
[EventDate "2020.07.29"]
[EventType "swiss (blitz)"]

{[%evp 9,27,32,39,20,87,74,85,50,134,121,378,391,471,372,352,355,715,501,547,488]} 1. e4 d6 2. d4 c6 3. Nc3 Nd7 {[#]} 4. g4 $146 ({Predecessor:} 4. f4 Qa5 5. Nf3 h6 6. Bd3 g5 7. O-O Bg7 8. e5 gxf4 9. exd6 e5 10. Re1 Kf8 11. dxe5 Nxe5 12. Bxf4 Nxd3 13. Qxd3 {0-1 (58) Baklan,V (2587)-Ponomariov,R (2631) chess.com INT 2020}) 4... Qc7 5. g5 e5 6. Nf3 {B12: Caro-Kann: Advance Variation.} g6 (6... h6 $11 {keeps the balance.}) 7. h4 Bg7 8. h5 {White is better.} exd4 ({Black should try} 8... gxh5 $14 9. Rxh5 Ne7) 9. Nxd4 $16 Bxd4 $4 {[%mdl 8192]} (9... d5 $16) 10. Qxd4 $18 f6 11. hxg6 Ne5 {[#] Strongly threatening ...Nf3+.} 12. Be2 Nxg6 $2 (12... Qg7 13. f4 hxg6 14. Rxh8 Qxh8 15. fxe5 dxe5) 13. gxf6 Qf7 14. Bg5 {Black got outplayed after the opening. Accuracy: White = 66%, Black = 25%.} 1-0

[Event "Stay Safe Play From Home 340"]
[Site "Emanuel Lasker Arena"]
[Date "2020.07.29"]
[Round "9"]
[White "Little champs"]
[Black "Lazieri3"]
[Result "0-1"]
[WhiteElo "2227"]
[BlackElo "2132"]
[Annotator "TA"]
[PlyCount "144"]
[EventDate "2020.07.29"]
[EventType "swiss (blitz)"]

{[%evp 9,143,-62,-12,-28,-11,-18,-3,-53,-11,-12,-9,-9,-9,-10,-9,-11,9,13,4,8,17,6,9,0,36,1,14,7,8,0,97,105,100,105,122,27,29,2,55,34,22,0,0,0,4,0,0,-76,0,0,0,0,0,-7,-7,-12,-15,-41,-10,-61,-70,-75,-77,-100,-106,-127,-123,-166,-167,-325,-330,-392,-437,-420,-413,-480,-479,-1083,-1017,-671,-643,-1506,-1475,-1256,-104,-366,-367,-322,-303,-156,-8,-8,0,-70,-70,-86,-78,-29972,-29974,-29957,-8,-8,0,-89,0,-29985,-29986,-29986,-29987,-29985,-29986,-29988,-29988,-29989,-29989,-29990,-29986,-29986,-8,-29999,-29993,-29993,-29994,-29994,-29995,-29995,-29995,-29996,-29996,-29996,-29997,-29997,-29998,-29998,-29999,-29999]} 1. d4 c6 2. e3 d5 3. c4 Nf6 4. c5 Bg4 {[#]} 5. Qb3 $146 ({Predecessor:} 5. Be2 Bxe2 6. Nxe2 Nbd7 7. O-O e5 8. Nbc3 Be7 9. Qb3 Rb8 10. Ng3 g6 11. Qc2 O-O {0-1 (38) Villar,J (838)-Raines,D (1060) LSS email 2012}) 5... Qc8 6. h3 {D10: Slav Defence: 3 cxd5 (without early Nf3) and 3 Nc3.} Bh5 7. Nc3 e6 (7... Nbd7 {feels hotter.} 8. Nge2 b6 9. cxb6 axb6 10. Nf4 Bg6) 8. Qc2 {The position is equal.} Nbd7 9. a3 Bg6 10. Bd3 Bxd3 11. Qxd3 e5 12. b4 exd4 13. exd4 Be7 14. Nf3 $1 O-O 15. O-O $36 {[%mdl 2048] White fights for an advantage.} Re8 16. Bd2 a5 17. Rfe1 axb4 18. axb4 Rxa1 19. Rxa1 b6 (19... Bd8 $11 {remains equal.}) 20. Qa6 $1 $16 bxc5 21. bxc5 Ne4 22. Nxe4 (22. Qxc8 $16 Rxc8 23. Ra7 Nxd2 24. Nxd2) 22... dxe4 $11 23. Ne1 {Strongly threatening Qxc8.} Nf6 (23... Nf8 $11) 24. Qxc8 Rxc8 25. Ra7 Nd5 26. Nc2 Bf6 27. g4 h6 28. Kg2 (28. Ra4 $11 {keeps the balance.}) 28... Bg5 (28... Rb8 $17 29. Ra2 Rb3) 29. Bxg5 hxg5 {[%mdl 4096] Endgame KRN-KRN} 30. Ne3 {And now Nxd5 would win.} Nf4+ 31. Kg3 Ne2+ 32. Kh2 Nxd4 33. Re7 Nb3 34. Rxe4 ({White should try} 34. Nc4 $11) 34... Nxc5 $15 35. Re5 Ne6 36. Nf5 {Black must now prevent Ne7+.} Kf8 37. Nd6 Rd8 38. Ne4 Rd5 39. Rxd5 $2 (39. Rf5) 39... cxd5 $19 {KN-KN} 40. Nc3 d4 41. Ne4 Ke7 42. Kg3 g6 43. h4 (43. f3 $142 f5 44. Nf2) 43... gxh4+ 44. Kxh4 f5 45. gxf5 gxf5 46. Nd2 Kf6 $2 (46... Kd6 $19 {Threatens to win with ...Kc5.} 47. Kg3 Kc5) 47. Kg3 $2 {[%mdl 8192]} (47. Nc4 $17 {only move.}) 47... Ke5 48. Kf3 Ng5+ $1 49. Ke2 {[#]} Ne4 ({Better is} 49... Kd5 $1 $17 {next ...Ne4 is good for Black.} 50. Nb1 Kc4 51. Na3+ Kc5) 50. Nf3+ $11 Kf4 {( -> ...d3+!)} (50... Kd5 $5 {[%cal Rd5c4]}) 51. Ne1 (51. Nxd4 $11 Ke5 52. Nxf5) 51... Nc5 $1 $15 52. Kd2 Ke4 53. Ke2 $2 {[%mdl 8192]} (53. Kd1 $17) 53... d3+ 54. Kd2 Kd4 $2 (54... Nb3+ 55. Kd1 Na5 56. Ng2 Nc4 57. Ke1 Ne5 58. Ne3 f4 59. Nd1 Nf3+ 60. Kf1 Kd4 61. Kg2 Ne5 62. f3 d2 63. Kh3 Kd3 64. Nf2+ Kc2 65. Kh4 Nd3 66. Ne4 d1=Q 67. Kg4 Qg1+ 68. Kf5 Qe3 69. Kf6 Qxf3 70. Nd6 {[#]} Qc6 $1 {[%mdl 512]} 71. Ke7 f3 72. Nf5 Qc5+ 73. Ke6 Qe5+ 74. Kd7 Qxf5+ 75. Kc6 Qc5+ 76. Kb7 f2 77. Kb8 f1=Q 78. Kb7 Qf7+ 79. Kb8 Qcf8#) 55. Nf3+ $11 Ke4 56. Ng5+ (56. Ne1 $1 $11) 56... Kd4 ({Black should play} 56... Kf4 $17 57. Nf7 Kf3) 57. Nf7 $2 {[%mdl 8192] Black keeps a firm grip on the game.} (57. Nf3+ $11 Ke4 58. Nh4) 57... Ne4+ 58. Ke1 d2+ 59. Ke2 Kc3 60. Ne5 Kc2 61. Nf3 d1=Q+ 62. Ke3 Qd3+ 63. Kf4 Nxf2 $2 (63... Qd6+ {mates} 64. Kxf5 Qe7 65. Ne1+ Kc3 66. Ng2 Nxf2 67. Kf4 Nh1 68. Kf5 Qf7+ 69. Ke4 Qb7+ 70. Ke5 Qxg2 71. Kd6 Kc4 72. Ke7 Qg6 73. Kd7 Kd5 74. Kc7 Kc5 75. Kd7 Qf7+ 76. Kd8 Kd6 77. Kc8 Qc7#) 64. Ne5 $2 {[%mdl 8192]} (64. Ne1+ $11 Kd2 65. Nxd3) 64... Qe4+ {Black mates.} 65. Kg5 Qxe5 66. Kg6 f4 67. Kf7 Nd3 68. Kg8 f3 69. Kh7 f2 70. Kg6 f1=Q 71. Kh7 Qg3 {[%cal Rf1h3]} 72. Kh6 Qh1# {Accuracy: White = 53%, Black = 70%.} 0-1

[Event "Stay Safe Play From Home 340"]
[Site "Emanuel Lasker Arena"]
[Date "2020.07.29"]
[Round "9"]
[White "SoulofWolf"]
[Black "AChessPlayer"]
[Result "0-1"]
[WhiteElo "2074"]
[BlackElo "2347"]
[Annotator "TA"]
[PlyCount "48"]
[EventDate "2020.07.29"]
[EventType "swiss (blitz)"]

{[%evp 10,48,32,15,35,0,7,-2,15,-7,-17,-26,25,16,48,-6,164,156,234,156,144,156,159,90,104,-79,49,-25,20,11,97,71,80,22,13,0,0,-429,-314,-381,-373]} 1. e4 d6 2. Nc3 Nf6 3. f4 Nbd7 4. Nf3 e5 5. d4 exd4 6. Nxd4 g6 {B07: Pirc Defence: Miscellaneous Systems.} 7. Bd3 Bg7 8. O-O O-O {The position is equal.} 9. Be3 Re8 10. h3 Nc5 (10... a6 $142) 11. Qf3 $1 $11 {[#]} b6 $146 ({Predecessor:} 11... c6 12. Rad1 Qc7 13. f5 Ncd7 14. Bg5 b5 15. fxg6 fxg6 16. Kh1 Ne5 17. Qf2 Rf8 {1-0 (24) Nouri,A (2296)-Mikhailovsky,V (2228) chess.com INT 2020}) 12. b4 (12. Bb5 $14 Nfxe4 13. Bxe8 Qxe8 14. Ndb5) 12... Ne6 $2 (12... Nxd3 $11 13. cxd3 c5) 13. e5 $18 dxe5 (13... Nxd4 $16 14. Qxa8 dxe5) 14. fxe5 Nxd4 15. Qxa8 Rxe5 16. Bf4 (16. Bf2 $142 $1) 16... Re8 $16 {[#]} 17. Bg5 $2 {[#]} ({Of course not} 17. Qxa7 $6 Nh5 $11) (17. Rae1 $1 $16) 17... h6 (17... Ne6 $1 $17 {[%cal Re6g5]} 18. Bd2 Nh5) 18. Bh4 ({Better is} 18. Bxf6 $1 $14 Bxf6 19. Rad1) 18... g5 (18... Nxc2 $5 19. Bb5 Nxa1 20. Bxe8 g5 $11) 19. Bf2 $36 {[%mdl 2048] Threatens to win with Rad1. White has the initiative.} Ne6 (19... Qd6 $1 $11) 20. Rad1 {Black must now prevent Bh7+!} ({Much weaker is} 20. Qxa7 $6 Nh5 $11) 20... Qe7 21. Bb5 (21. b5 $16) 21... Rf8 $1 $11 22. Qxa7 {And now a3 would win.} Qxb4 23. Nd5 $2 {[%mdl 8192]} (23. Rd3 $11 {and White is okay.}) 23... Qxb5 24. Ne7+ Kh8 {Black used his chance. Accuracy: White = 29%, Black = 48%.} 0-1

[Event "Stay Safe Play From Home 340"]
[Site "Emanuel Lasker Arena"]
[Date "2020.07.29"]
[Round "9"]
[White "Stefanone"]
[Black "Klasman"]
[Result "1-0"]
[WhiteElo "2043"]
[BlackElo "1298"]
[Annotator "TA"]
[PlyCount "69"]
[EventDate "2020.07.29"]
[EventType "swiss (blitz)"]

{[%evp 9,69,8,16,-10,23,-18,-13,-35,-37,-40,-29,-11,8,8,8,-14,8,8,8,0,14,-17,-13,-45,-29,-87,-86,-95,-62,-75,-71,-94,-89,-127,-83,-97,0,-85,-85,-260,-256,-447,-354,-620,-318,-356,-284,-471,-463,-481,-296,-317,-309,-884,-908,-883,-802,-29983,-29984,-29984,-29985,-29992]} 1. d4 f5 2. e3 Nf6 3. f4 e6 4. Nf3 d5 5. Bd3 c5 6. c3 {A80: Dutch Defence: Unusual White second moves.} c4 7. Bc2 Nc6 {[#]} 8. Qe2 $146 {The position is equal.} ({Predecessor:} 8. O-O Bd6 9. Ne5 Bd7 10. Nd2 O-O 11. Ndf3 Ne4 12. Nxc6 Bxc6 13. Ne5 Be8 14. Bd2 {1-0 (54) Ferencak,J (1843)-Fenda,Z (1883) Slovakia 2019}) 8... b5 9. Nbd2 a5 10. Ne5 Nxe5 11. fxe5 Ne4 12. O-O Be7 13. Nxe4 $1 dxe4 14. Bd2 O-O 15. g4 Qd5 16. Qg2 Bd7 17. gxf5 (17. a4 $11) 17... exf5 $17 18. Rf4 g5 19. Rf2 h5 20. Kh1 g4 21. Rg1 Bh4 22. Rff1 b4 ({Black should play} 22... Kg7 $17) 23. Be1 ({But not} 23. cxb4 axb4 24. Bxb4 Rf7 $16) (23. Qh3 $11 {remains equal.} Be7 24. Qxh5) 23... Bg5 24. Bg3 $2 {[#] Now White is beyond hope.} (24. Qd2 $17) 24... Bxe3 $19 25. Bh4 $2 (25. Qe2 {was worth a try.} Bxg1 26. Kxg1) 25... Bxg1 26. Rxg1 $2 (26. Kxg1 Bc6 27. h3) 26... Qf7 27. Bf6 Qg6 28. Bd1 $2 {[#]} (28. Rd1) 28... Be6 29. Qg3 Rxf6 30. exf6 Qxf6 {aiming for ...f4.} 31. Qe5 $2 (31. Rf1) 31... Qxe5 32. dxe5 bxc3 {[%cal Bb4c3,Bc3b2][%mdl 32]} 33. Be2 cxb2 34. Rb1 c3 35. Bd3 {[%mdl 32768] Accuracy: White = 35%, Black = 60%. . Loss on time!?} 1-0